| 000 | 00697nam a2200277Ia 4500 | ||
|---|---|---|---|
| 008 | 190123s9999 xx 000 0 und d | ||
| 020 | _a9780531212462 | ||
| 050 | _bD673 2010 | ||
| 100 | _aDomnauer, Teresa | ||
| 245 | 0 | _aLife in the West / | |
| 245 | 0 | _cby Teresa Domnauer. | |
| 260 | _aNew York, New York : | ||
| 260 | _bChildren's Press, | ||
| 260 | _c2010 | ||
| 300 | _a48 pages : | ||
| 300 | _bcolored illustrations ; | ||
| 300 | _c22cm. | ||
| 440 | _aA true book. | ||
| 500 | _a890L | ||
| 650 | _aFrontier and pioneer life. | ||
| 650 | _aPioneers -- | ||
| 650 | _aUnited States, West. | ||
| 650 | _xSocial life and customs. | ||
| 700 | _aSeries. | ||
| 700 | _aTitle. | ||
| 999 |
_c361146 _d361146 |
||